Normal view
MARC view
- التخطيط المالي - الاسرة
Entry Topical Term
001 - CONTROL NUMBER
- control field: 48473
003 - CONTROL NUMBER IDENTIFIER
- control field: JO-AjAnu
005 - DATE AND TIME OF LATEST TRANSACTION
- control field: 20230606082008.0
008 - FIXED-LENGTH DATA ELEMENTS
- fixed length control field: 230606|| aca||aabn | a|a d
040 ## - CATALOGING SOURCE
- Original cataloging agency: JO-AjAnu
- Transcribing agency: JO-AjAnu
150 ## - HEADING--TOPICAL TERM
- Topical term or geographic name entry element: التخطيط المالي - الاسرة
670 ## - SOURCE DATA FOUND
- Source citation: Work cat.: (JO-AjAnu)24798: تأليف: العبيدي، ابراهيم عبداللطبف ابراهيم, author 48472, اهمية التخطيط المالي في الاستقرار الاسري